Stories of children’s pain linking evidence to practice
保存先:
| 第一著者: | |
|---|---|
| フォーマット: | 図書 |
| 言語: | 英語 |
| 出版事項: |
Sage Publications
2014
|
| タグ: |
タグ追加
タグなし, このレコードへの初めてのタグを付けませんか!
|
MARC
| LEADER | 00000nam a22000007a 4500 | ||
|---|---|---|---|
| 008 | 201218b ||||| |||| 00| 0 eng d | ||
| 020 | |a 978-1-4462-0761-1 | ||
| 100 | |a CARTER, Bernie. | ||
| 245 | |a Stories of children’s pain |b linking evidence to practice |c Bernie Carter and Joan Simons |g xii: 249p; ill. | ||
| 260 | |b Sage Publications |c 2014 |h Los Angeles |i 692683 |i 692684 |l RJ365 .C24 |m Pain in children – Treatment |m Pain management – Methods – Case reports |m Pain – Case report | ||
| 942 | |a lcc |c BK |e YUNUSA, A.A. |f 18/12/2020 | ||
| 952 | |0 0 |1 0 |2 lcc |4 0 |6 RJ0365 C24 |7 0 |9 761 |a HOL |b ED |c QZ |d 2020-12-18 |l 0 |o RJ365 .C24 |p 2020-229977 |r 2020-12-18 00:00:00 |w 2020-12-18 |y BK | ||
| 952 | |0 0 |1 0 |2 lcc |4 0 |6 RJ0365 C24 |7 0 |9 762 |a HOL |b HOL |c QZ |d 2020-12-18 |l 0 |o RJ365 .C24 |p 2020-229978 |r 2020-12-18 00:00:00 |w 2020-12-18 |y BK | ||
| 999 | |c 430 |d 430 | ||